| 000 | 00806nam a2200229 a 4500 | ||
|---|---|---|---|
| 001 | 990 | ||
| 003 | CDMR | ||
| 005 | 20131031103306.0 | ||
| 008 | 130130s1987||||||||||||||||||||||||||||d | ||
| 020 | _a9509113370 | ||
| 040 |
_aCDMR _bcat _cCDMR |
||
| 100 | 1 |
_aCalvi, Fabrizio _9773 |
|
| 245 | 1 | 3 |
_aEl misterio de la mafia _b: documentada investigación periodística de los entretelones de la mafia desde 1950 hasta la fecha _cFabrizio Calvi ; prefacio de Leonardo Sciascia |
| 260 |
_aBarcelona _bGedisa |
||
| 260 |
_aBuenos Aires _c1987 _bPrensa Médica Argentina [impressor] |
||
| 300 | _a190 p. | ||
| 490 | 0 | _aDocumento Periodístico | |
| 490 | 0 |
_aLibertad y Cambio. _aExperiencias, Testimonios y Hechos Reales |
|
| 650 | 0 | 4 |
_9797 _aReportatges literaris |
| 650 | 0 | 4 |
_94238 _aCrim organitzat |
| 942 |
_cMON _2udc |
||
| 999 |
_c990 _d990 |
||